|
|
|
|
| LEADER |
01715nam a2200325 a 4500 |
| 001 |
37276 |
| 003 |
BD-DhAAL |
| 005 |
20220421105418.0 |
| 008 |
210207t2020 bg ||||| b||| 001 0 eng d |
| 999 |
|
|
|c 41653
|d 41653
|
| 020 |
|
|
|a 9789845062664
|
| 040 |
|
|
|a BD-DhAAL
|c BD-DhAAL
|
| 082 |
|
|
|a 320.513
|2 23
|
| 245 |
|
|
|a Neoliberal development in Bangladesh /
|c edited by Mohammad Tanzimuddin Khan and Mohammad Sajjadur Rahman
|
| 260 |
|
|
|a Dhaka, Bangladesh :
|b University Press Limited,
|c c2020.
|
| 300 |
|
|
|a xi, 353 pages :
|b illustrations ;
|c 23 cm.
|
| 504 |
|
|
|a Includes bibliographical references (pages 346-350) and index.
|
| 526 |
|
|
|a ESS
|
| 541 |
|
|
|a Hye Trade International, Donated By Akbar Ali Khan (38471)
|e 37276, 37277, 38471
|
| 650 |
|
|
|a Neoliberalism
|x Economic aspects.
|9 40876
|
| 650 |
|
|
|a Neoliberalism
|z Bangladesh.
|9 40877
|
| 650 |
|
|
|a Economics.
|9 43538
|
| 700 |
|
|
|a Khan, Mohammad Tanzimuddin
|e editor.
|9 40878
|
| 700 |
|
|
|a Rahman, Mohammad Sajjadur
|9 40879
|
| 710 |
|
|
|e editor.
|9 40880
|
| 852 |
|
|
|a Ayesha Abed Library
|c General stacks
|
| 942 |
|
|
|2 ddc
|c BK
|
| 952 |
|
|
|0 0
|1 0
|2 ddc
|4 0
|6 320_513000000000000_NEO
|7 0
|9 69074
|a BRACUL
|b BRACUL
|c GEN
|d 2020-11-29
|e Hye Trade International
|g 766.00
|l 1
|m 30
|o 320.513 NEO
|p 3010037277
|r 2025-07-03
|s 2024-09-08
|t 2
|v 766.00
|w 2020-11-29
|y BK
|x Received During Pandemic
|
| 952 |
|
|
|0 0
|1 0
|2 ddc
|4 0
|6 320_513000000000000_NEO
|7 0
|9 69075
|a BRACUL
|b BRACUL
|c GEN
|d 2020-11-29
|e Hye Trade International
|g 766.00
|l 0
|o 320.513 NEO
|p 3010037276
|r 2020-11-29
|t 1
|v 766.00
|w 2020-11-29
|y BK
|x Received During Pandemic
|
| 952 |
|
|
|0 0
|1 0
|2 ddc
|4 0
|6 320_513000000000000_NEO
|7 1
|9 70539
|a BRACUL
|b BRACUL
|c AAKC
|d 2022-04-21
|e Donated by Akbar Ali Khan
|l 0
|o 320.513 NEO
|p 3010038471
|r 2022-04-21
|t 3
|w 2022-04-21
|y BK
|